Normal view
MARC view
- ESTADOS UNIDOS -
Entry Nombre Geográfico
001 - NÚMERO DE CONTROL
- campo de control: 23313
003 - IDENTIFICADOR DE NUMERO DE CONTROL
- campo de control: UPN
005 - FECHA Y HORA DE LA ÜLTIMA TRANSACCIÓN
- campo de control: 20210219193959.0
008 - DATOS DE LONGITUD FIJA
- campo de control de longitud fija: nabaccnnaabn|||||||||| b |nc|||||d
035 ## - NÚMERO DE CONTROL
- Número de control: UPN10000023322
040 ## - FUENTE DE CATALOGACIÓN
- Lenguaje de catalogación: SPA
- Agencia de transcripción: UPN
151 ## - ENCABEZAMIENTO - NOMBRE GEOGRÁFICO
- Nombre geográfico: ESTADOS UNIDOS -
- Subdivisión de forma: COLECCIONES LITERARIAS
670 ## - FUENTE EN LA QUE SE LOCALIZARON DATOS
- Cita de la fuente: LC
- Información localizada: United States - Literary collections
902 ## - CATALOGADOR
- Catalogador: EGP/160503
